Wszystkie owoce - Statystyki

Ogólne statystyki
  • Ten quiz został rozwiązany 117 razy
  • Średni wynik to 16 z 27
Statystyki odpowiedzi
Pierwsza
Litera
Owoc % Poprawnych
B Banan
87%
J Jabłko
86%
G Gruszka
81%
A Ananas
78%
P Pomarańcza
78%
Ś Śliwka
78%
T Truskawka
77%
C Cytryna
76%
M Malina
73%
M Mandarynka
72%
B Brzoskwinia
67%
K Kiwi
64%
B Borówka
60%
F Figa
59%
N Nektarynka
59%
L Liczi
54%
W Winogrona
54%
J Jagoda
53%
L Limonka
51%
G Granat
48%
Ż Żurawina
48%
M Mango
43%
P Porzeczka
42%
A Awokado
40%
G Grejpfrut
31%
P Papaja
24%
D Durian
23%
Nie znaleziono quizów pasujących do podanych kryteriów
Rozkład punktacji
Procent ludzi z każdym wynikiem
Percentyl według liczby udzielonych odpowiedzi
Twoja historia wyników
Nie rozwiązałeś tego quizu